Statistics for Steelpan Instruments

Click here to take the quiz!

General Stats

  • This quiz has been taken 3 times
  • The average score is 3 of 14

Answer Stats

Answer% Correct
Single Tenor/Ping Pong
100%
Six Bass
100%
Double Tenor
50%
Cello
0%
Double Guitar
0%
Double Second
0%
Invader Lead
0%
Nine Bass
0%
Quadduet
0%
Quadrophonic
0%
Spiderweb Lead
0%
Tenor Bass
0%
Triple Guitar
0%
Twelve Bass
0%

Score Distribution

Percentile by Number Answered

Percent of People with Each Score

Your Score History

You have not taken this quiz